000
00352nam a2200145Ia 4500
008
151213s9999 xx 000 0 und d
100
_a
Aldous Hugley
245
_a
Brave New World
_c
Aldous Hugley
260
_a
London
_b
Chaffo & Windus
_c
1948
300
_a
6541 p.
650
_a
English
650
_a
Fiction
700
_a
Aldous Hugley
999
_c
3623
_d
3623